Digitalizácia miest a obcí

Pojem digitálna ekonomika. Index digitálnej ekonomiky. Digitalizácia Slovenska. Digitálne verejné služby. Digitálne mesto.

Saved in:
Bibliographic Details
Main Author: Hrašková, Dagmar
Format: Book Chapter
Language:Slovak
Subjects:
Tags: Add Tag
No Tags, Be the first to tag this record!

MARC

LEADER 00000naa a2200000 4500
001 0210042
005 20231120130638.1
041 0 |a slo 
044 |a SK 
245 1 0 |a Digitalizácia miest a obcí  |c Dagmar Hrašková 
520 |a Pojem digitálna ekonomika. Index digitálnej ekonomiky. Digitalizácia Slovenska. Digitálne verejné služby. Digitálne mesto. 
610 2 0 |a digitalizácia 
610 2 0 |a mestá 
610 2 0 |a obce 
610 2 0 |a Slovensko 
610 2 0 |a technológie informačné 
610 2 0 |a technológie komunikačné 
610 2 0 |a správa verejná elektronická 
100 1 |a Hrašková, Dagmar